000 00515nam a2200229Ia 4500
003 OSt
005 20220924145530.0
006 a|||||r|||| 00| 0
007 ta
008 TEL
024 _a329154
037 _cTextual
040 _aARTS
_cARTS
_bTEL
041 _2TEL
_aTEL
082 _aO111,2, 35F8
100 _aLink
_9219970
245 0 _aShitmand magishate
260 _c1928
650 _aENGLISH LITERATURE
942 _hO111,2, 35F8
_cTEXL
_2CC
999 _c460379
_d460379